The noble scholar, jurist, historian


 His Excellency Dr. Abdul Wahhab bin Ibrahim Abu Sulaiman, may Allah have mercy on him.


 He was born in Umm Al-Qura in the year 1356 AH.

مصطلح الحديث وأثره على الدرس اللغوي عند العرب / (Record no. 4869)

MARC details
000 -LEADER
fixed length control field 01912cam a2200301 i 4500
003 - CONTROL NUMBER IDENTIFIER
control field SA-RiAUC
005 - DATE AND TIME OF LATEST TRANSACTION
control field 20250116082724.0
008 - FIXED-LENGTH DATA ELEMENTS--GENERAL INFORMATION
fixed length control field 250108s1983 le g 00010 ara c
024 0# - OTHER STANDARD IDENTIFIER
Standard number or code 00000000986779
040 ## - CATALOGING SOURCE
Original cataloging agency DZ-AlALGU
Language of cataloging ara
Transcribing agency SA-RiAUC
Modifying agency QA-DoLU
Description conventions rda
050 #4 - LIBRARY OF CONGRESS CALL NUMBER
Item number .R35 1983
082 04 - DEWEY DECIMAL CLASSIFICATION NUMBER
Classification number 231
Assigning agency SA-RiAUC
090 ## - LOCALLY ASSIGNED LC-TYPE CALL NUMBER (OCLC); LOCAL CALL NUMBER (RLIN)
Classification number (OCLC) (R) ; Classification number, CALL (RLIN) (NR) 231
Local cutter number (OCLC) ; Book number/undivided call number, CALL (RLIN) ر ا ج
100 1# - MAIN ENTRY--PERSONAL NAME
Personal name الراجحي، شرف الدين علي
Relator term مؤلف.
245 10 - TITLE STATEMENT
Title مصطلح الحديث وأثره على الدرس اللغوي عند العرب /
Statement of responsibility, etc. تأليف الدكتور شرف الدين علي الراجحي.
250 ## - EDITION STATEMENT
Edition statement الطبعة الأولى.
264 #1 - PRODUCTION, PUBLICATION, DISTRIBUTION, MANUFACTURE, AND COPYRIGHT NOTICE
Place of production, publication, distribution, manufacture بيروت :
Name of producer, publisher, distributor, manufacturer دار النهضة العربية للطباعة والنشر،
Date of production, publication, distribution, manufacture, or copyright notice 1983.
300 ## - PHYSICAL DESCRIPTION
Extent 306 صفحة ؛
Dimensions 24 × 17 سم
336 ## - CONTENT TYPE
Content type term نص
Content type code txt
Source rdacontent
Materials specified كتاب
337 ## - MEDIA TYPE
Media type term بدون وسيط
Media type code n
Source rdamedia
338 ## - CARRIER TYPE
Carrier type term مجلد
Carrier type code nc
Source rdacarrier
520 ## - SUMMARY, ETC.
Summary, etc. يتناول كتاب (مصطلح الحديث وأثره على الدرس اللغوي عند العرب) والذي قام بتأليفه د. شرف الدين علي الراجحي، موضوع (الحديث) هذا الكتاب يقدم لنا دراسة تناولت منهج المحدثين عامة، ووسائلهم في تناول الحديث وطرائقهم في نقد الخبير إسنادا ومتنا، كما تناولت الدراسة موضوع آداب الحديث، وطرق الأخذ والتحمل ونقد السند والجرح والتعديل والتصحيف والتحريف، وتقد المتن، والمصنفات الجزئية.
650 #7 - SUBJECT ADDED ENTRY--TOPICAL TERM
Topical term or geographic name entry element الحديث
General subdivision مصطلح
Source of heading or term aucsh
650 #7 - SUBJECT ADDED ENTRY--TOPICAL TERM
Topical term or geographic name entry element اللغة العربية
General subdivision تاريخ
Source of heading or term aucsh
942 ## - ADDED ENTRY ELEMENTS (KOHA)
Source of classification or shelving scheme Dewey Decimal Classification
Koha item type Books
Suppress in OPAC No
949 ## - LOCAL PROCESSING INFORMATION (OCLC)
a SA-JeALM
d 250108
u mohamedma123
n 1
Holdings
Withdrawn status Lost status Source of classification or shelving scheme Damaged status Not for loan Home library Current library Date acquired Total checkouts Full call number Barcode Date last seen Price effective from Koha item type
    Dewey Decimal Classification     DR AbdElwahab Library DR AbdElwahab Library 01/16/2025   231 ر ا ج 000007759 01/16/2025 01/16/2025 Books